Estudio agrobiológico y aspectos económicos de los partidos judiciales de Orihuela y Dolores (Alicante) / (Record no. 40978)

MARC details
000 -LEADER
campo de control de longitud fija 00894nam a2200205 i 4500
001 - NÚMERO DE CONTROL
campo de control 40978
003 - IDENTIFICADOR DE NÚMERO DE CONTROL
campo de control ES-MaACL
005 - FECHA Y HORA DE LA ÚLTIMA TRANSACCIÓN
campo de control 20230906160342.0
007 - CAMPO FIJO DE DESCRIPCIÓN FÍSICA--INFORMACIÓN GENERAL
campo de control de longitud fija t|
008 - DATOS DE LONGITUD FIJA--INFORMACIÓN GENERAL
campo de control de longitud fija 030307s1959 sp ||||1| spa d
245 00 - MENCIÓN DEL TÍTULO
Título Estudio agrobiológico y aspectos económicos de los partidos judiciales de Orihuela y Dolores (Alicante) /
Mención de responsabilidad, etc. dirección y revisión O. Carpena Artes y A. Ortuño Martínez.
260 ## - PUBLICACIÓN, DISTRIBUCIÓN, ETC.
Lugar de publicación, distribución, etc. Murcia :
Nombre del editor, distribuidor, etc. Centro de Edafología y Biología Aplicada del Segura,
Fecha de publicación, distribución, etc. 1959 (
Fabricante Pérez)
300 ## - DESCRIPCIÓN FÍSICA
Extensión 168 p., 12 lám. col., 4 map. pleg. col. ;
Dimensiones 25 cm.
650 #4 - PUNTO DE ACCESO ADICIONAL DE MATERIA--TÉRMINO DE MATERIA
Término de materia o nombre geográfico como elemento de entrada Agricultura-
Subdivisión geográfica Murcia (Comunidad Autónoma)
9 (RLIN) 170442
650 #4 - PUNTO DE ACCESO ADICIONAL DE MATERIA--TÉRMINO DE MATERIA
Término de materia o nombre geográfico como elemento de entrada Suelos-
Subdivisión geográfica Murcia (Comunidad Autónoma)
9 (RLIN) 170443
700 1# - ENTRADA AGREGADA--NOMBRE PERSONAL
Nombre de persona Carpena Artes, Octavio.
9 (RLIN) 35429
700 1# - ENTRADA AGREGADA--NOMBRE PERSONAL
Nombre de persona Ortuño Martínez, Angel.
9 (RLIN) 87686
710 2# - ENTRADA AGREGADA--NOMBRE DE ENTIDAD CORPORATIVA
Nombre de entidad corporativa o nombre de jurisdicción como elemento de entrada Centro de Edafología y Biología Aplicada del Segura.
9 (RLIN) 2609
852 ## - LOCALIZACIÓN
Ubicación ES-MaACL
Número de control de estantería C-37369
Sublocalización o colección R.72633
Holdings
Estatus retirado Estado de pérdida Estado de daño No para préstamo Biblioteca de origen Biblioteca actual Ubicación en estantería Fecha de adquisición Fuente de adquisición Total de préstamos Signatura topográfica completa Código de barras Visto por última vez Precio de reemplazo Tipo de ítem Koha
        Biblioteca del Ateneo de Madrid Biblioteca del Ateneo de Madrid Depósito 2 17/01/2008     C-37369 1043144 23/02/2023 23/02/2023 Libro impreso